00390nam a2200145Ia 450000500170000000800410001703700130005804000200007104100130009108400260010410000140013024500460014426000450019030000090023520250326125353.0250326s9999 xx 000 0 und d aTextbook aFMSLbengcFMSL aeng2eng aX8(J):321.44 L3qFMSL aSingh V B 0aEvaluation of fair price shopscSingh V B aNew DelhibNew Delhi, Oxford & IBHc1973 a141p